000 00607nam a2200205 a 4500
001 17268
003 CO-ViMGA
008 141112s2004 ck r 000 u spa d
020 _a8477022526
040 _aCO-ViMGA
_bspa
_cCO-ViMGA
082 0 4 _a843.91 D851h
100 1 _aDumas, Alexandre
_916113
245 1 0 _aHistoria de un muerto contada por el mismo y otros relatos de terror
260 _aMadríd (España),
_cValdemar,
_c1999
300 _a200.p.
590 _aForma de adquisición : Premio - Mincultura
650 1 4 _aCUENTOS FRANCESES
_91078
650 1 4 _aNOVELA FRANCESA
_92629
942 _2ddc
_cBK
999 _c26837
_d26837